The Social science project: then, now and next /
Uloženo v:
| Hlavní autor: | |
|---|---|
| Médium: | Text |
| Témata: | |
| Tagy: |
Přidat tag
Žádné tagy, Buďte první, kdo vytvoří štítek k tomuto záznamu!
|
MARC
| LEADER | 00000 a a2200000 04500 | ||
|---|---|---|---|
| 001 | 8895 | ||
| 003 | |||
| 040 | |||
| 100 | |a Prewitt, Kenneth | ||
| 245 | |a The Social science project: then, now and next / |c Kenneth Prewitt | ||
| 650 | |a CIENCIAS SOCIALES | ||
| 773 | |g volumen 3, número 1 -2; páginas 1,5-9 | ||
| 999 | |c 35497 |d 35497 | ||
